000 00899nam a2200253Ia 4500
003 OSt
005 20221005113058.0
006 a|||||r|||| 00| 0
007 ta
008 221004b |||||||| |||| 00| 0 pan d
020 _a81876541355 (hbk)
024 _a15230
037 _bGift, 19/01/2015,
_cTextual
040 _aCRL
_cCRL
_bpan
041 _2pan
_apan
082 _aO153,3:g(Y15), Q0
100 _aਢਿੱਲੋ੍ਵ, ਹਰਵਿੰਦਰ ਕੌਰ
245 0 _aਨਾਰੀ ਦੁਖਾਂਤ ਤੇ ਪੰਜਾਬੀ ਨਾਵਲ
260 _aਦਿੱਲੀ
_bਮਨਪ੍ਰੀਤ ਪ੍ਰਕਾFਨ ਭਾਰਤ
_c2010
300 _a104ਪੰ
_ccm.
650 _aਪੰਜਾਬੀ ਸਾਹਿਤ
942 _hO153,3:g(Y15), Q0
_cTEXL
_2cc
999 _c1026965
_d1026965